000 02207cam a22005174i 4500
003 PE-LiUPU
005 20250731173416.0
008 150706s2005 mou r 000 0 spa d
020 _a9780758608206
020 _a0758608209
035 _a(Sirsi) i9780758608206
040 _aPE-LiUPU
_bspa
_cPE-LiUPU
_erda
049 _aPRUA
082 0 4 _a220
_bCC
_221
100 1 _aBecker, Siegbert W. ,
_eautor.
245 1 0 _aApocalipsis :
_bun cántico triunfal /
_cSiegbert W. Becker [y otros tres más].
264 1 _aSt. Louis :
_bEditorial Concordia,
_c2005.
300 _a431 páginas ;
_c24 centímetros.
336 _atext
_2rdacontent
337 _aunmediated
_2rdamedia
338 _avolume
_2rdacarrier
490 0 _aComentario Concordia
505 0 _aEl mensaje del libro -- Introducción (1:1-20) -- La primera visión: las siete cartas (2:1-3:22) -- La segunda visión: los siete sellos (4:1-7:17) -- La tercera visión: las siete trompetas (8:1-11:19) -- La cuarta visión: las siete visiones (12-15) -- La quinta visión: las últimas siete plagas (16:1-21) -- La sexta visión: Cristo y el anticristo (17:1-19:21) -- La séptima visión: la victoria final de la iglesia (20:1-22:5) -- Conclusión (22:6-21).
526 _aSEG42
526 _aSEG41
526 _aSEG40
526 _aSEG39
526 _aP94
526 _aP87
526 _aP86
526 _aP85
526 _aP77
526 _aP76
526 _aP35
541 _g001-0000567;
630 0 4 _aBiblia.
_pN.T.
_pApocalipsis
_xComentarios.
700 1 _aHaeuser, David y Ruth,
_etraductor.
700 1 _aBeckmann, Ewaldo,
_erev.
700 1 _aHoppe, Héctor,
_eeditor.
910 _agl
_cjck
_d20120521
942 _2ddc
_cBOOK
949 _a220 CC 66
_wDEWEY
_c1
_i64691
_lCCODEBUL1
_mBUL
_p23.00
_r0
_sY
_tBOOK
_u2015-7-6
_xTEOLOGIA
_PP35
_o.STAFF. Colección General
994 _aC0
_bPEPRU
596 _a1
999 _a220 CC 66
_wDEWEY
_c53396
_i64691
_d53396
_e2018-3-13
_f2021-11-9
_g5
_lCCODEBUL1
_mBUL
_n11
_p23.00
_q6
_r0
_sY
_tBOOK
_u2015-7-6
_xTEOLOGIA
_PP35
_0COMPRA
_o.STAFF. Colección Teología
980 _81
_gALBERTO SANCHEZ Responsable de Automatización